| 000 | 00712cam a2200181Ia 4500 | ||
|---|---|---|---|
| 020 | _a0195790650 | ||
| 082 |
_a720 _bAHM _cN-1, P-90 |
||
| 100 | 1 |
_aKhan, Ahmad Nabi. _945700 |
|
| 245 | 1 | 0 |
_aIslamic architecture in South Asia : _bPakistan, India, Bangladesh / _cAhmad Nabi Khan ; foreword by R.E. Mortimer Wheeler. |
| 260 |
_aOxford : _bOxford University Press, _c2003. |
||
| 300 |
_axxviii, 310 p. : _bill. (some col.) ; _c29 cm. |
||
| 526 |
_a0 _b0 _c0 _d720_000000000000000_AHM |
||
| 650 | 0 |
_aIslamic architecture _zBangladesh. _945701 |
|
| 650 | 0 |
_aIslamic architecture _zIndia. _932194 |
|
| 650 | 0 |
_aIslamic architecture _zPakistan. _945702 |
|
| 650 | 0 |
_aIslamic architecture _zSouth Asia. _945703 |
|
| 942 |
_2ddc _cBK |
||
| 999 |
_c549170 _d549170 |
||